| 000 | 01142nam a22003497a 4500 | ||
|---|---|---|---|
| 001 | 000382 | ||
| 003 | DO-SdBPM | ||
| 005 | 20250723140619.0 | ||
| 007 | ta | ||
| 008 | 160712b 2007 mx ||||| |||| 00| 0 spa d | ||
| 020 | _a9789708120418 | ||
| 040 |
_aDO-SdBPM _bspa _cBPMSU _erda |
||
| 082 | 4 |
_a823.91 _bL639c 2007 _222 |
|
| 100 | 1 |
_aLessing, Doris, _d1919-2013. _eautor |
|
| 240 | 1 | 0 |
_aThe golden notebook. _lEspañol |
| 245 | 1 | 0 |
_aEl cuaderno dorado / _cDoris May Lessing; Helena Valenti ; traducción de Helena Valentí. |
| 260 | _a | ||
| 264 |
_aMéxico, D. F. : _bPunto de lectura, _c2007 |
||
| 300 |
_a789 páginas ; _c19 cm. |
||
| 336 |
_atexto _btxt _2rdacontent |
||
| 337 |
_asin mediación _bn _2rdamedia |
||
| 338 |
_avolumen _bnc _2rdacarrier |
||
| 490 | 0 |
_aPunto de lectura _v252/5 |
|
| 500 | _aIncluye datos biográficos de la autor. | ||
| 590 | _aInventariado, 2025/VM | ||
| 650 | 7 | _aNovela inglesa. | |
| 650 | 7 |
_aFracaso (Psicología) _vNovela. |
|
| 650 | 7 |
_aAutoras _vNovela |
|
| 700 | 1 |
_aValentí, Helena, _etraductor |
|
| 910 | _aLOPEREZ/ VMateo V. Control de calidad. BPMSU | ||
| 942 |
_2ddc _cBK |
||
| 999 |
_c10840 _d10840 |
||